| 000 | 00983nam a22002417a 4500 | ||
|---|---|---|---|
| 999 |
_c6627 _d6627 |
||
| 003 | AR-CdUCM | ||
| 008 | 190318b ||||| |||| 00| 0 spa d | ||
| 020 | _a84-7069-158-9 | ||
| 040 |
_aMUNICIPALIDAD PROVINCIAL DEL CUSCO _cBIBLIOTECA MUNICIPAL DEL CUSCO |
||
| 041 | _hita | ||
| 082 |
_a503 / _bEN56 |
||
| 110 |
_aOcéano _918496 |
||
| 245 | _aEnciclopedia de la ciencia y de la técnica / | ||
| 260 |
_aBarcelona : _bOcéano, |
||
| 300 |
_a7 tomos ; _bIlustraciones, _c25 cm. |
||
| 500 | _aTitulo original: Enciclopedia delle scienze e delle tecniche. | ||
| 505 | _aContenido: t.1 -- A- balbuceo -- t.2 -- Balística - Contaminación -- t.3 -- Contignación - estática -- t.4 -- Estatocistos - hidrográfica -- t.5 -- Hidrolasas - mambrú -- t.6 -- Mamíferos - oligopéptidos -- t.7 -- Oligoquetos - riñón -- t.8 -- Río - zurdería. | ||
| 650 |
_aEnciclopedias _96681 |
||
| 650 |
_aCiencia _92098 |
||
| 650 |
_aTecnología _91571 |
||
| 942 |
_2ddc _cLIBROS |
||
| 945 | _aacv | ||